000 01071nam0a22002531 4500
001 rc\611305
005 20250621182906.0
035 _a(NLR Aleph) 005854944
090 _a5817884
_c5817884
100 _a20031121d1986 |||y0rusy50 ca
101 0 _arus
102 _aRU
105 _ay |||||||||
200 1 _aСмеси конструкционных термопластов
_f[Составители Р.В. Маркина и др.]
210 _aМ.
_cНИИТЭхим
_d1986
215 _a56, [1] с.
_d20
225 1 _aХимическая промышленность
_eОбзор. информ.
_fМ-во хим. пром-сти, НИИ и техн.-экон. исслед.
_iСерия "Производство и переработка пластических масс и синтетических смол"
320 _aБиблиогр.: с. 54-57 (115 назв.)
702 1 _aМаркина
_bР.В.
_gРаиса Васильевна
_4220
801 0 _aRU
_bNLR
_gpsbo
801 1 _aRU
_bELAR
_2rusmarc
852 _aNLR
_j86-4/3459
942 _cBOOK
980 _aNB